000 00394nam a22001337a 4500
082 _a341.48101
100 _aKhan, Zafarullah
245 _aHomo Dignita:
_bTheory and Practice of Human Rights /
_cZafarullah Khan
260 _aKarachi :
_bPakistan Law House,
_c2019.
300 _a686 p. ;
_c22 cm.
942 _2ddc
_cBK
999 _c587162
_d587162